Top 10 Most Catholic European Countries - Statistics

General Stats
  • This quiz has been taken 374 times
  • The average score is 8 of 10
Answer Stats
% Country % Correct
100 Vatican City
97%
83 Italy
95%
90.5 San Marino
90%
84.5* Portugal
87%
85.8 Poland
86%
88.2 Andorra
79%
82.3 Monaco
79%
78.3 Ireland
78%
88.7* Malta
73%
86.3 Croatia
71%
No matching quizzes found
Score Distribution
Percent of People with Each Score
Percentile by Number Answered
Your Score History
You have not taken this quiz